000 03524cam a22011894i 4500
003 PE-LiUPU
005 20250813185541.0
008 150616s r 000 0 d
035 _a(Sirsi) a3969
040 _aPE-LiUPU
_bspa
_cPE-LiUPU
_erda
049 _aPRUA
082 0 4 _a359.4885
_bH
_221
245 0 0 _aHistoria marítima del Perú :
_bla independencia - 1790 a 1826.
_n5.
264 1 _aLima :
_bEditorial Ausonia,
_c1973.
300 _a652 páginas :
_bilustraciones láms., dibjs., fotos ;
_c25 cm.
336 _atext
_2rdacontent
337 _aunmediated
_2rdamedia
338 _avolume
_2rdacarrier
504 _aIncluye bibliografía.
505 0 _aEpoca de los precursores: -Política naval metropolitana y el pensamiento del Virrey Gil de Taboada -- De las postimerias del siglo XVIII a la época de Abascal -- El tiempo de Pezuela -- Abascal y Pezuela y la defenza de la fidelidad -- El corso y los corsarios -- Los "refuerzos" de la metropoli -- La marina del tiempo "precursor". Epoca de los libertadores: -Los cruceros de Cochrane -- La expedición libertadora -- La expedición libertadora en el Perú -- La captura de la esmeralda -- El fin del gobierno de Pezuela y el principio del protectorado -- El conflicto entre San Martín y Cochrane -- La vida naval y la conclusión del gobierno de San Martín -- La época de la junta gubernativa y la anarquía -- El sitio del Callao -- La Marina de Guerra del Perú.
526 _aP202
526 _aP201
526 _aP163
526 _aP162
526 _aP161
526 _aP160
526 _aP148
526 _aP147
526 _aP146
526 _aP145
526 _aP144
526 _aP143
526 _aP142
526 _aP141
526 _aP140
526 _aP139
526 _aP138
526 _aP137
526 _aP136
526 _aP135
526 _aP134
526 _aP133
526 _aP129
526 _aP128
526 _aP127
526 _aP120
526 _aP119
526 _aP118
526 _aP116
526 _aP115
526 _aP114
526 _aP110
526 _aP109
526 _aP108
526 _aP104
526 _aP103
526 _aP102
526 _aP99
526 _aP98
526 _aP97
526 _aP96
526 _aP95
526 _aP93
526 _aP90
526 _aP89
526 _aP88
526 _aP83
526 _aP82
526 _aP62
526 _aP59
526 _aP58
526 _aP57
526 _aP51
526 _aP49
526 _aP48
526 _aP47
526 _aP29
526 _aP24
526 _aP20
526 _aP19
526 _aP17
526 _aP15
526 _aP14
526 _aP12
526 _aP10
526 _aP09
526 _aP08
526 _aP07
526 _aP06
526 _aP05
526 _aP04
526 _aP01
651 _aPerú
_xHistoria naval
_yEmancipación, 1808-1824.
700 1 _aRodríguez Vidal, Pedro A.,
_ecoordinador.
910 _ajck
_bjvq
_cjck
942 _2ddc
_cBOOK
949 _a359.4885 H 5
_wDEWEY
_c1
_i14004
_lCCODEBUL1
_mBUL
_p00.00
_r0
_sY
_tBOOK
_u19750805
_xEDUCACION
_PP20
_0COMPRA
_o.STAFF. Colección General
994 _aC0
_bPEPRU
596 _a1
999 _a359.4885 H 5
_wDEWEY
_c48091
_i14004
_f2021-11-5
_g5
_lCCODEBUL1
_mBUL
_r0
_sY
_tBOOK
_u2015-6-16
_xBIBLIOTECA
_PP20
_0COMPRA
_o.STAFF. Colección General
_d48091
980 _81
_gALBERTO SANCHEZ Responsable de Automatización